000 01275nam a2200313 c 4500
003 BLK
005 20250717101513.0
008 180408b bul|||||r ||||||| ||bul||
010 _aKNG00077956000
020 _a954-527-315-1
_bиздат.: Дамян Яков
040 _aBLK
041 _aBUL
_cBUL
080 _aБългарска литература
_b821.163.2
_x-93-34
_z821.163.2-93-34
700 1 _aЗвездинов, Атанас
_qАтанасов, Атанас Василев
_d1943 -
_eсъстав.
_969460
700 1 _aОгнянова, Любка
_eхудож.
_9296444
139 _aВъже от пясък
_bВ 90
245 1 0 _aВъже от пясък
_bБълг. нар. приказки
_cсъстав. Атанас Звездинов; худож. Любка Огнянова.
257 _aBGR
260 София
_bДамян Яков
_c2006
_fСофия : Симолини 94
300 _a184 с.
_bс ил.
_c22 см
380 _aDX
500 _aАтанас Звездинов - псевд. на Атанас Василев Атанасов
852 _aЦб 235816
856 4 _qpdf
_u
856 4 _qpdf
_u
942 _cKNG
_n0
_014
944 _aCR
_c30.08.2007
_k30564
_lАнна Гръцманова
944 _aED
_c08.10.2007
_k
999 _c73561
_d73561